Stati dell'Africa in ordine alfabetico - Statistics

Statistiche generali
  • Questo quiz è stato fatto 260 volte
    175 dall'ultimo reset
  • Il punteggio medio è 42 su 52
Statistiche sulle risposte
Lettera iniziale Stato % Corretto
A Algeria
97%
A Angola
93%
B Burundi
89%
B Botswana
87%
B Burkina Faso
87%
C Camerun
87%
E Eritrea
87%
C Ciad
85%
B Benin
84%
E Egitto
84%
E Etiopia
84%
K Kenya
84%
N Niger
84%
R Ruanda
84%
Z Zambia
84%
Z Zimbabwe
84%
G Guinea
83%
M Madagascar
83%
M Mali
83%
N Nigeria
83%
U Uganda
83%
G Gabon
82%
G Gibuti
82%
L Lesotho
81%
L Liberia
81%
S Sudan
81%
S Sudan del Sud
81%
T Tanzania
81%
G Gambia
80%
G Guinea Equatoriale
80%
L Libia
80%
M Marocco
80%
M Mauritania
80%
C Capo Verde
79%
C Costa d'Avorio
79%
G Ghana
79%
G Guinea-Bissau
78%
N Namibia
78%
S Somalia
78%
M Mozambico
76%
T Togo
76%
T Tunisia
76%
S Senegal
75%
M Malawi
73%
S Seychelles
73%
S Sudafrica
73%
M Mauritius
72%
R Repubblica Centrafricana
72%
E eSwatini
71%
C Comore
70%
S São Tomé e Príncipe
69%
S Sierra Leone
67%
Nessun quiz corrispondente trovato
Distribuzione punteggi
Percentuale di utenti per punteggio
Percentile per numero di risposta
I tuoi punteggi nel tempo
Non hai fatto questo quiz dall'ultimo reset